Score 0/20 Timer 02:00
0 Plays Today
Hint Answer % Correct
Foot digitsTOES
96.5%
Throw lightlyTOSS
95.7%
Location for a goateeCHIN
95.4%
Nickel or quarter, e.g.COIN
94.4%
Three in BarcelonaTRES
92.2%
Sparse (as in hair)THIN
87.6%
Painful hardened skin on footCORN
85.4%
Chore, assignmentTASK
84.2%
Beds for soldiersCOTS
82.1%
Russian news agencyTASS
81%
Hint Answer % Correct
Men in Black actor RipTORN
81%
A hamletTOWN
75.9%
Hauls a trailerTOWS
75.6%
Napoleon Dynamite foodTOTS
73.5%
Band: Stray _______CATS
73.3%
Hard mineral materialROCK
72.4%
Reins, bridle, or bit e.g.TACK
71.3%
With pinion, a steering mechanismRACK
70.7%
Determiner or pronounTHIS
69.8%
Baseball great SpeakerTRIS
67%

Today's Daily Dose

Missing Word
1900s A-Z

Word Ladder
Space Firsts

Quick Pick
Salsa

Get the Picture
Body Systems

Remove Ads.
Support Sporcle.
Get the best of Sporcle when you Go Orange. This ad-free experience offers more features, more stats, and more fun while also helping to support Sporcle. Thank you for becoming a member.

You're not logged in!

Compare scores with friends on all Sporcle quizzes.
OR
Log In

Show Comments

Extras

Top Quizzes Today


Score Distribution

Your Account Isn't Verified!

In order to create a playlist on Sporcle, you need to verify the email address you used during registration. Go to your Sporcle Settings to finish the process.

Report this User

Report this user for behavior that violates our Community Guidelines.

Details: